Quizzes
Events
Quiz Creation
Community
Videos
Private Events
Remove Ads
Sign In
Join for FREE
Feedback
Dark Mode
Quiz Categories
Sports
Geography
Music
Movies
Television
Just For Fun
Miscellaneous
History
Literature
Language
Science
Gaming
Entertainment
Religion
Holiday
For Kids
Quiz Lab
Recent
Popular Today
Quiz Kudos Today
Editor Picks
Curator Picks
Quizzes by...
Day
Popularity
Type
Ratings
Length
Year
Community
Subscriptions
Recent Discussions
Orange Saloon
Badges
Playlists
Quests
Create
Leaderboards
Showdown
Live 5
Trivia Bingo
Activity
Puzzle Library
Sporcle Events
Private Events
Virtual Trivia
Globe League
Become a Host
Pub Owners
SporcleCon
Opinionation
Our Games
Videos
Blog
Mobile Apps
Partnerships
Remove Ads and Go Orange
Feedback
Gaming
Video Games
Board Games
Card Games
Pokémon
Mario
Nintendo
Minecraft
Console
Toys
Legend of Zelda
Gaming
Video Games
Board Games
Card Games
Pokémon
Mario
Nintendo
Minecraft
Console
Toys
Legend of Zelda
Random Quiz
Search Sporcle
×
Quiz Lab
Quiz Lab
Gaming
Nintendo
Type in answers that appear in a list
Type in answers that appear in a list
Classic
Best Score? Go Orange.
Stages in Splatoon Stats
Can you name all the stages in the Splatoon series?
By
bowserjrdood
3m
37 Questions
50 Plays
50 Plays
50 Plays
Comments
Comments
Give Quiz Kudos
Give Quiz Kudos
-
- Ratings
hide this ad
Replay
Link that replays current quiz
Next Quiz
Link to next quiz in quiz playlist
You Got
0%
They Got
Avg Score
52%
Avg Friend Score
Upgrade to see
Score Distribution
Jump to the score distribution portion of the page
Score
0/37
Timer
03:00
0
Plays Today
Game
Stage
% Correct
Splatoon
Moray Towers
82%
Splatoon 2
The Reef
82%
Splatoon 2
Moray Towers
82%
Splatoon 2
Walleye Warehouse
74.3%
Splatoon
Urchin Underpass
72%
Splatoon
Walleye Warehouse
72%
Splatoon 2
Arowana Mall
71.4%
Splatoon 2
Blackbelly Skatepark
71.1%
Splatoon 2
Kelp Dome
66.7%
Splatoon
Arowana Mall
66%
Splatoon
Blackbelly Skatepark
66%
Splatoon
Kelp Dome
60%
Splatoon 2
Starfish Mainstage
60%
Splatoon
Saltspray Rig
56%
Splatoon 2
Humpback Pump Track
56%
Splatoon 2
MakoMart
55.6%
Splatoon
Port Mackerel
54%
Splatoon
Camp Triggerfish
54%
Splatoon 2
Port Mackerel
54%
Game
Stage
% Correct
Splatoon 2
Manta Maria
51.1%
Splatoon
Bluefin Depot
50%
Splatoon
Ancho-V Games
50%
Splatoon 2
Musselforge Fitness
50%
Splatoon
Mahi-Mahi Resort
48%
Splatoon 2
Inkblot Art Academy
48%
Splatoon 2 (Salmon Run)
Lost Outpost
46.8%
Splatoon 2 (Salmon Run)
Salmonid Smokeyard
44.4%
Splatoon
Flounder Heights
44%
Splatoon
Museum d'Alfonsino
44%
Splatoon
Piranha Pit
42%
Splatoon 2
Shifty Station
42%
Splatoon 2
Shellendorf Institute
40%
Splatoon
Hammerhead Bridge
34%
Splatoon 2 (Salmon Run)
Spawning Grounds
34%
Splatoon 2 (Salmon Run)
Marooner's Bay
34%
Splatoon 2
Snapper Canal
33.3%
Splatoon 2
Sturgeon Shipyard
30%
Quiz Playlist
Details
Report
Send in Message
Add To Playlist
Classic:
Type in answers that appear in a list
Quiz Source
Last Updated: Sep 23, 2017
Quiz Scoreboard
CHALLENGE
Sign Up to Join the Scoreboard
Show All
Scores
Hide
Comments
May contain spoilers
Recently Published
Billboard Blitz: Fleetwood Mac
by CooCooCachoo
Music
15s
Presidents Visiting Landmarks
by Hejman
History
7m
An Introduction to Baseball
by treessimontrees
Sports
5m
More to Explore
Quiz From the Vault
Featured Blog Post
Where Did the Easter Bunny Come From?
hide this ad
You Might Also Like...
Tags
Nintendo Quiz
Nintendo Games
Nintendo Switch
Today's Top Quizzes in Gaming
Browse Gaming
hide this ad
Today's Top Quizzes in Nintendo
Browse Nintendo
Top Contributed Quizzes in Gaming
1
5-to-1: Consoles
2
7-to-1: Board Game Piece Blitz
3
5-to-1: Legend of Zelda
4
Destiny 2 exotic weapons by perk icons
5
League of Legends Pro Players by Career/Team History
6
Ultimate Genshin Impact Logic Puzzle (up to 4.3)
7
Franchise by Action Figure
8
Genshin Impact Logic Puzzle Quiz
9
Who's on the WWE 2K24 Cover?
10
Overwatch Logic Puzzle
Explore More
Trending Topics
Disney
Harry Potter
Kpop
Anime
NBA
Crossword
Marvel
Soccer
Puzzle
WWE
The Office
NFL
Pokémon
Song
Country
hide this ad
More By:
bowserjrdood
Quiz
Plays
Rating
Category
Featured
Created
Legend of Zelda Breath of the Wild Monsters
1,164
5.00
Gaming
Jul 2, 2017
Legend of Zelda Breath of the Wild Equipment
791
5.00
Gaming
Jul 2, 2017
Legend of Zelda Breath of the Wild Key Items
524
3.00
Gaming
Jul 3, 2017
Weapons in Splatoon 2
441
5.00
Gaming
Aug 5, 2017
Legend of Zelda Breath of the Wild Materials
396
5.00
Gaming
Jul 2, 2017
Go to Creator's Profile
Score Distribution
Quiz Creator Spotlight
bowserjrdood
Follow
Send a Message
Quizzes Created
-
Created Quiz Play Count
-
More By This Creator
Popular Quizzes Today
1
Find the US States - No Outlines Minefield
2
Find the Countries of Europe - No Outlines Minefield
3
The Countries of the World
4
Find the US States
5
US States
6
Risky Map Clicking: Biggest States A-Z
7
Popular People in 1961
8
Movies - When Are They Set?
More Gaming Quizzes
Among Us Maps by Tasks
Quiz Lab
Trending Quizzes
Risky Map Clicking: Least Populous States A-Z
1-10 Letter G Words
1-10 Letter F Words
Risky Map Clicking: Next State Alphabetically
Risky Map Clicking: Biggest States A-Z
Recently Updated
Leaping Animals
pecheneg
Reality TV Shows (A-Z)
bhenderson79
Rickey Henderson's Hall of Fame Teammates
pecheneg
Champions League XIs: Arsenal
pecheneg
Quick Pick: Celebrities in WWE's Hall of Fame
aduchscher
A-Z Keypad Blitz II
pecheneg
Multiple Oscar Actors
pecheneg
Mystery Phrase Blitz: Oscar 'Best Actors'
pecheneg
F. Scott Fitzgerald Novels
LTH
Pick 3 Villains
ddd62291
Trending Topics
Marvel
Crossword
Kpop
NBA
Harry Potter
Anime
Disney
WWE
Song
Pokémon
NFL
Soccer
The Office
Puzzle
Country
Your Account Isn't Verified!
In order to create a playlist on Sporcle, you need to verify the email address you used during registration. Go to your
Sporcle Settings
to finish the process.
Report this User
Report this user for behavior that violates our
Community Guidelines
.
Details:
Send Report
Go to the Sporcle.com Mobile Site →
Comments